El final del poema: estudios de poética y literatura

Đã lưu trong:
Chi tiết về thư mục
Tác giả chính: Agamben, Giorgio (Tác giả)
Định dạng: Sách
Ngôn ngữ:Tiếng Tây Ban Nha
Được phát hành: Buenos Aires Adriana Hidalgo 2016
Phiên bản:1a. ed
Những chủ đề:
Các nhãn: Thêm thẻ
Không có thẻ, Là người đầu tiên thẻ bản ghi này!

MARC

LEADER 00000cam a2200000 a 4500
001 UCD5435
003 CL-VaPUC
008 160908e20160000ag |||||||||||||||||spa|d
020 |a 9789873793622 
082 0 4 |a 808.1  |b AGA  |2 21 
100 0 |a Agamben, Giorgio  |e author  |9 589178 
245 1 3 |a El final del poema: estudios de poética y literatura 
250 |a 1a. ed 
300 |a 292 p 
942 |c BK 
945 |d 20160908 17:08:00  |a dcastane 
260 |a Buenos Aires  |b Adriana Hidalgo  |c 2016 
650 0 |a Poesía   |9 265825 
650 0 |a Crítica e interpretación   |9 255042 
650 0 |a Poética  |9 266624 
583 |a last modification  |c 20160908 17:08:00  |k Rodrigo Vera 
999 |c 366097  |d 366095 
952 |0 0  |1 0  |3 erb  |4 0  |6 808_100000000000000_AGA_2016  |7 0  |8 A  |9 480125  |a BIBART  |b BIBART  |i 5340519  |o 808.1 AGA 2016  |p 5340519  |r 2025-03-13  |w 2019-11-24  |y BK  |z Catalogado en:20160908  |k ART